| 000 -LEADER |
| fixed length control field |
00872nam a2200265Ia 4500 |
| 001 - CONTROL NUMBER |
| control field |
9723 |
| 003 - CONTROL NUMBER IDENTIFIER |
| control field |
GE_BSU |
| 008 - FIXED-LENGTH DATA ELEMENTS--GENERAL INFORMATION |
| fixed length control field |
181216s||||||||xx |||||||||||||| ||und|| |
| 010 ## - LIBRARY OF CONGRESS CONTROL NUMBER |
| LC control number |
9994003127 |
| 040 ## - CATALOGING SOURCE |
| Transcribing agency |
GE_BSU |
| 080 ## - UNIVERSAL DECIMAL CLASSIFICATION NUMBER |
| Universal Decimal Classification number |
821.353.1-82 |
| 100 ## - MAIN ENTRY--PERSONAL NAME |
| Personal name |
ნუნუა,რატი |
| 245 ## - TITLE STATEMENT |
| Title |
ავფრინდებით მე და შენ |
| 245 ## - TITLE STATEMENT |
| Remainder of title |
კრებული |
| 245 ## - TITLE STATEMENT |
| Statement of responsibility, etc. |
შემდგ:ზურაბ ნინუა;რედ:გიორგი გორთამაშვილი;თამარ ინჯია. |
| 260 ## - PUBLICATION, DISTRIBUTION, ETC. |
| Place of publication, distribution, etc. |
თბილისი. |
| 260 ## - PUBLICATION, DISTRIBUTION, ETC. |
| Name of publisher, distributor, etc. |
შპს ცაიტნოტი |
| 260 ## - PUBLICATION, DISTRIBUTION, ETC. |
| Date of publication, distribution, etc. |
2005. |
| 300 ## - PHYSICAL DESCRIPTION |
| Extent |
216გვ;20სმ |
| 300 ## - PHYSICAL DESCRIPTION |
| Other physical details |
ფოტო |
| 653 ## - INDEX TERM--UNCONTROLLED |
| Uncontrolled term |
ავფრინდებით მე და შენ |
| 653 ## - INDEX TERM--UNCONTROLLED |
| Uncontrolled term |
კრებული |
| 942 ## - ADDED ENTRY ELEMENTS (KOHA) |
| Koha item type |
წიგნი |